| 000 | 01546nam0a2200313 4500 | ||
|---|---|---|---|
| 001 | RU\NLR\bibl\92415 | ||
| 005 | 20260405073210.0 | ||
| 021 |
_aRU _b2000-9584 _9478 |
||
| 035 | _a(NLR Aleph) 000090306 | ||
| 090 |
_a506430 _c506430 |
||
| 100 | _a20000615d1999 |||y0rusy50 ca | ||
| 101 | 0 | _arus | |
| 102 | _aRU | ||
| 105 | _aa ||||||||| | ||
| 200 | 1 |
_aПроектирование систем автоматизации _eКурс лекций _e[Студентам спец. 210200 днев. формы обучения] _fИ.Н. Семенова _gМ-во общ. и проф. образования Рос. Федерации, Норильс. индуст. ин-т |
|
| 210 |
_aНорильск _cНИИ _d1999 |
||
| 215 |
_a84 с. _cил. _d20 |
||
| 320 | _aБиблиогр.: с. 82 (16 назв.) | ||
| 606 | 0 |
_aАСУ технологическими процессами _jРуководства, пособия и т.п. для высшей школы _xПроектирование _92096506 _3RU\NLR\auth\661268434 |
|
| 606 | 0 |
_aАСУТП _jУчебные издания для высшей школы _xПроектирование _92321928 _3RU\NLR\auth\661389053 |
|
| 686 | _aЗ965-02я73-2 | ||
| 700 | 1 |
_4070 _8rus _7ca _aСеменова _bИ. Н. _cканд. техн. наук _gИрина Николаевна _3RU\NLR\auth\7725486 _98533 |
|
| 801 | 0 |
_aRU _bNLR _c20000615 _gPSBO |
|
| 801 | 1 |
_aRU _bNLR _c20000615 |
|
| 830 | _aАвт. по кн. | ||
| 852 |
_aNLR _j2000-4/2242 |
||
| 942 | _cBOOK | ||
| 980 | _aNB | ||